第三セクター鉄道等協議会 駅名(西日本編) - Statistics

General Stats
  • This quiz has been taken 9 times
  • The average score is 134 of 367
Answer Stats
Hint Answer % Correct
あいの風とやま鉄道 05 高岡
100%
あいの風とやま鉄道 01 石動
86%
あいの風とやま鉄道 09 富山
86%
あいの風とやま鉄道 16 黒部
86%
IRいしかわ鉄道 金沢
86%
あいの風とやま鉄道 02 福岡
71%
あいの風とやま鉄道 03 西高岡
71%
あいの風とやま鉄道 13 滑川
71%
あいの風とやま鉄道 15 魚津
71%
IRいしかわ鉄道 倶利伽羅
71%
IRいしかわ鉄道 津幡
71%
IRいしかわ鉄道 東金沢
71%
IRいしかわ鉄道 西金沢
71%
IRいしかわ鉄道 野々市
71%
IRいしかわ鉄道 松任
71%
IRいしかわ鉄道 西松任
71%
IRいしかわ鉄道 小松
71%
IRいしかわ鉄道 加賀温泉
71%
IRいしかわ鉄道 大聖寺
71%
ハピラインふくい 牛ノ谷
71%
ハピラインふくい 芦原温泉
71%
ハピラインふくい 丸岡
71%
ハピラインふくい 福井
71%
ハピラインふくい 越前花堂
71%
ハピラインふくい 北鯖江
71%
ハピラインふくい 鯖江
71%
ハピラインふくい 武生
71%
ハピラインふくい 南条
71%
ハピラインふくい 今庄
71%
ハピラインふくい 南今庄
71%
ハピラインふくい 敦賀
71%
のと鉄道 七尾
71%
のと鉄道 和倉温泉
71%
のと鉄道 穴水
71%
信楽高原鉄道 紫香楽宮跡
71%
信楽高原鉄道 信楽
71%
京都丹後鉄道 F01 福知山
71%
京都丹後鉄道 F02 福知山市民病院口
71%
京都丹後鉄道 F03 荒河かしの木台
71%
京都丹後鉄道 F07 大江
71%
京都丹後鉄道 14 宮津
71%
京都丹後鉄道 T15 天橋立
71%
京都丹後鉄道 T25 コウノトリの郷
71%
京都丹後鉄道 T26 豊岡
71%
北条鉄道 粟生
71%
北条鉄道 北条町
71%
智頭急行 上郡
71%
智頭急行 あわくら温泉
71%
智頭急行 恋山形
71%
智頭急行 智頭
71%
若桜鉄道 郡家
71%
若桜鉄道 若桜
71%
あいの風とやま鉄道 08 呉羽
57%
あいの風とやま鉄道 11 東富山
57%
あいの風とやま鉄道 14 東滑川
57%
あいの風とやま鉄道 18 西入善
57%
あいの風とやま鉄道 19 入善
57%
あいの風とやま鉄道 20
57%
あいの風とやま鉄道 21 越中宮崎
57%
IRいしかわ鉄道 加賀笠間
57%
IRいしかわ鉄道 小舞子
57%
IRいしかわ鉄道 明峰
57%
IRいしかわ鉄道 粟津
57%
ハピラインふくい 細呂木
57%
ハピラインふくい 春江
57%
ハピラインふくい 森田
57%
ハピラインふくい 大土呂
57%
ハピラインふくい 王子保
57%
ハピラインふくい 湯尾
57%
のと鉄道 能登中島
57%
のと鉄道 西岸
57%
のと鉄道 能登鹿島
57%
信楽高原鉄道 貴生川
57%
京都丹後鉄道 F10 大江山口内宮
57%
京都丹後鉄道 F12 喜多
57%
京都丹後鉄道 M08 西舞鶴
57%
京都丹後鉄道 M12 丹後由良
57%
京都丹後鉄道 T17 与謝野
57%
京都丹後鉄道 T18 京丹後大宮
57%
京都丹後鉄道 T23 かぶと山
57%
京都丹後鉄道 T24 久美浜
57%
智頭急行 苔縄
57%
智頭急行 佐用
57%
智頭急行 宮本武蔵
57%
井原鉄道 総社
57%
井原鉄道 井原
57%
井原鉄道 神辺
57%
錦川鉄道 岩国
57%
錦川鉄道 清流新岩国
57%
錦川鉄道 錦町
57%
阿佐海岸鉄道 阿波海南
57%
阿佐海岸鉄道 海部
57%
阿佐海岸鉄道 甲浦
57%
土佐くろしお鉄道 TK26 窪川
57%
土佐くろしお鉄道 TK34 土佐上川口
57%
土佐くろしお鉄道 TK40 中村
57%
土佐くろしお鉄道 TK47 宿毛
57%
土佐くろしお鉄道 GN21 奈半利
57%
土佐くろしお鉄道 GN27 安芸
57%
土佐くろしお鉄道 GN40 後免
57%
甘木鉄道 甘木
57%
あいの風とやま鉄道 06 越中大門
43%
あいの風とやま鉄道 07 小杉
43%
あいの風とやま鉄道 10 新富山口
43%
あいの風とやま鉄道 12 水橋
43%
IRいしかわ鉄道 森本
43%
IRいしかわ鉄道 美川
43%
IRいしかわ鉄道 動橋
43%
のと鉄道 田鶴浜
43%
のと鉄道 笠師保
43%
信楽高原鉄道 雲井
43%
信楽高原鉄道 勅旨
43%
信楽高原鉄道 玉桂寺前
43%
京都丹後鉄道 F04
43%
京都丹後鉄道 F08 大江高校前
43%
京都丹後鉄道 F11 辛皮
43%
京都丹後鉄道 M11 丹後神崎
43%
京都丹後鉄道 T16 岩滝口
43%
京都丹後鉄道 T20 網野
43%
京都丹後鉄道 T21 夕日ヶ浦木津温泉
43%
京都丹後鉄道 T22 小天橋
43%
北条鉄道 網引
43%
北条鉄道 法華口
43%
北条鉄道 播磨横田
43%
智頭急行 河野原円心
43%
智頭急行 西粟倉
43%
若桜鉄道 八頭高校前
43%
若桜鉄道 因幡船岡
43%
若桜鉄道
43%
井原鉄道 清音
43%
井原鉄道 矢掛
43%
錦川鉄道 川西
43%
阿佐海岸鉄道 宍喰
43%
土佐くろしお鉄道 TK30 土佐佐賀
43%
土佐くろしお鉄道 TK31 佐賀公園
43%
土佐くろしお鉄道 TK37 土佐入野
43%
土佐くろしお鉄道 TK46 東宿毛
43%
土佐くろしお鉄道 GN22 田野
43%
土佐くろしお鉄道 GN35 あかおか
43%
土佐くろしお鉄道 GN39 後免町
43%
平成筑豊鉄道 HC15 田川伊田
43%
平成筑豊鉄道 HC55 田川後藤寺
43%
松浦鉄道 伊万里
43%
松浦鉄道 松浦
43%
松浦鉄道 松浦発電所前
43%
松浦鉄道 東田平
43%
松浦鉄道 中田平
43%
松浦鉄道 たびら平戸口
43%
松浦鉄道 西田平
43%
松浦鉄道 中佐世保
43%
松浦鉄道 佐世保中央
43%
松浦鉄道 佐世保
43%
南阿蘇鉄道 南阿蘇水の生まれる里白水高原
43%
肥薩おれんじ鉄道 八代
43%
新水俣
43%
水俣
43%
出水
43%
川内
43%
あいの風とやま鉄道 17 生地
29%
IRいしかわ鉄道 能見根上
29%
京都丹後鉄道 F05 下天津
29%
京都丹後鉄道 F06 公庄
29%
京都丹後鉄道 F09 二俣
29%
京都丹後鉄道 F13 宮村
29%
京都丹後鉄道 M09 四所
29%
京都丹後鉄道 M10 東雲
29%
京都丹後鉄道 M13 栗田
29%
京都丹後鉄道 T19 峰山
29%
北条鉄道 田原
29%
北条鉄道 播磨下里
29%
北条鉄道
29%
智頭急行 久崎
29%
智頭急行 平福
29%
智頭急行 石井
29%
智頭急行 大原
29%
智頭急行 山郷
29%
若桜鉄道 安部
29%
若桜鉄道 徳丸
29%
若桜鉄道 丹比
29%
井原鉄道 早雲の里荏原
29%
井原鉄道 子守唄の里高屋
29%
錦川鉄道 西岩国
29%
錦川鉄道 行波
29%
錦川鉄道 椋野
29%
土佐くろしお鉄道 TK27 若井
29%
土佐くろしお鉄道 TK42 国見
29%
土佐くろしお鉄道 TK44 工業団地
29%
土佐くろしお鉄道 GN23 安田
29%
土佐くろしお鉄道 GN27-1 あき総合病院前
29%
土佐くろしお鉄道 GN28 球場前
29%
土佐くろしお鉄道 GN30 赤野
29%
土佐くろしお鉄道 GN31 和食
29%
土佐くろしお鉄道 GN37 のいち
29%
平成筑豊鉄道 HC1 直方
29%
平成筑豊鉄道 HC20
29%
平成筑豊鉄道 HC22 源じいの森
29%
平成筑豊鉄道 HC24 犀川
29%
平成筑豊鉄道 HC25 東犀川三四郎
29%
平成筑豊鉄道 HC30 令和コスタ行橋
29%
平成筑豊鉄道 HC31 行橋
29%
甘木鉄道 基山
29%
南阿蘇鉄道 | 甘木鉄道 立野
29%
甘木鉄道 小郡
29%
甘木鉄道 西太刀洗
29%
甘木鉄道 太刀洗
29%
甘木鉄道 高田
29%
松浦鉄道 有田
29%
松浦鉄道 黒川
29%
松浦鉄道 西有田
29%
松浦鉄道 山谷
29%
松浦鉄道 夫婦石
29%
松浦鉄道 金武
29%
松浦鉄道 鳴石
29%
松浦鉄道 久原
29%
松浦鉄道 波瀬
29%
松浦鉄道 福島口
29%
松浦鉄道 今福
29%
松浦鉄道 鷹島口
29%
松浦鉄道 調川
29%
松浦鉄道 西木場
29%
松浦鉄道 高岩
29%
松浦鉄道 神田
29%
松浦鉄道 清峰高校前
29%
松浦鉄道 佐々
29%
松浦鉄道 真申
29%
松浦鉄道 相浦
29%
松浦鉄道 大学
29%
松浦鉄道 上相浦
29%
松浦鉄道 皆瀬
29%
松浦鉄道 北佐世保
29%
南阿蘇鉄道 高森
29%
南阿蘇鉄道 見晴台
29%
南阿蘇鉄道 阿蘇白川
29%
南阿蘇鉄道 中松
29%
南阿蘇鉄道 阿蘇下田城
29%
南阿蘇鉄道 加勢
29%
くま川鉄道 人吉温泉
29%
くま川鉄道 肥後西村
29%
くま川鉄道 あさぎり
29%
くま川鉄道 東免田
29%
くま川鉄道 多良木
29%
くま川鉄道 新鶴羽
29%
くま川鉄道 湯前
29%
日奈久温泉
29%
上田浦
29%
たのうら御立岬公園
29%
肥後田浦
29%
津奈木
29%
29%
米ノ津
29%
折口
29%
阿久根
29%
西方
29%
薩摩高城
29%
上川内
29%
若桜鉄道 八東
14%
井原鉄道 吉備真備
14%
井原鉄道 備中呉妹
14%
井原鉄道 三谷
14%
井原鉄道 小田
14%
井原鉄道 いずえ
14%
井原鉄道 御領
14%
井原鉄道 湯野
14%
錦川鉄道 守内かさ神
14%
錦川鉄道 南河内
14%
錦川鉄道 北河内
14%
錦川鉄道 南桑
14%
錦川鉄道 根笠
14%
錦川鉄道 河山
14%
錦川鉄道 柳瀬
14%
土佐くろしお鉄道 TK28 荷稲
14%
土佐くろしお鉄道 TK29 伊与喜
14%
土佐くろしお鉄道 TK32 土佐白浜
14%
土佐くろしお鉄道 TK33 有井川
14%
土佐くろしお鉄道 TK35 海の王迎
14%
土佐くろしお鉄道 TK36 浮鞭
14%
土佐くろしお鉄道 TK38 西大方
14%
土佐くろしお鉄道 TK39 古津賀
14%
土佐くろしお鉄道 TK41 具同
14%
土佐くろしお鉄道 TK43 有岡
14%
土佐くろしお鉄道 TK45 平田
14%
土佐くろしお鉄道 GN24 唐浜
14%
土佐くろしお鉄道 GN25 下山
14%
土佐くろしお鉄道 GN26 伊尾木
14%
土佐くろしお鉄道 GN29 穴内
14%
土佐くろしお鉄道 GN32 西分
14%
土佐くろしお鉄道 GN33 夜須
14%
土佐くろしお鉄道 GN34 香我美
14%
土佐くろしお鉄道 GN36 よしかわ
14%
土佐くろしお鉄道 GN38 立田
14%
平成筑豊鉄道 HC2 南直方御殿口
14%
平成筑豊鉄道 HC3 あかぢ
14%
平成筑豊鉄道 HC4 藤棚
14%
平成筑豊鉄道 HC5 中泉
14%
平成筑豊鉄道 HC6 市場
14%
平成筑豊鉄道 HC7 ふれあい生力
14%
平成筑豊鉄道 HC8 赤池
14%
平成筑豊鉄道 HC9 人見
14%
平成筑豊鉄道 HC10 金田
14%
平成筑豊鉄道 HC11 上金田
14%
平成筑豊鉄道 HC12
14%
平成筑豊鉄道 HC13 田川市立病院
14%
平成筑豊鉄道 HC14 下伊田
14%
平成筑豊鉄道 HC16 上伊田
14%
平成筑豊鉄道 HC17 勾金
14%
平成筑豊鉄道 HC18 柿下温泉口
14%
平成筑豊鉄道 HC19 内田
14%
平成筑豊鉄道 HC21 油須原
14%
平成筑豊鉄道 HC23 崎山
14%
平成筑豊鉄道 HC26 新豊津
14%
平成筑豊鉄道 HC27 豊津
14%
平成筑豊鉄道 HC28 今川河童
14%
平成筑豊鉄道 HC29 美夜古泉
14%
平成筑豊鉄道 HC51 豊前大熊
14%
平成筑豊鉄道 HC52 松山
14%
平成筑豊鉄道 HC53 糸田
14%
平成筑豊鉄道 HC54 大藪
14%
甘木鉄道 大板井
14%
甘木鉄道 松崎
14%
甘木鉄道 今隈
14%
甘木鉄道 山隈
14%
松浦鉄道 三代橋
14%
松浦鉄道 蔵宿
14%
松浦鉄道 大木
14%
松浦鉄道 川東
14%
松浦鉄道 東山代
14%
松浦鉄道
14%
松浦鉄道 楠久
14%
松浦鉄道 浦ノ崎
14%
松浦鉄道 前浜
14%
松浦鉄道 御厨
14%
松浦鉄道 すえたちばな
14%
松浦鉄道 江迎鹿町
14%
松浦鉄道 潜竜ヶ滝
14%
松浦鉄道 吉井
14%
松浦鉄道 小浦
14%
松浦鉄道 棚方
14%
松浦鉄道 本山
14%
松浦鉄道 中里
14%
松浦鉄道 野中
14%
松浦鉄道 左石
14%
松浦鉄道 泉福寺
14%
松浦鉄道 山の田
14%
南阿蘇鉄道 阿蘇白川水源
14%
南阿蘇鉄道 長陽
14%
くま川鉄道 相良藩願成寺
14%
くま川鉄道 川村
14%
くま川鉄道 一武
14%
くま川鉄道 木上
14%
くま川鉄道 おかどめ幸福
14%
くま川鉄道 公立病院前
14%
くま川鉄道 東多良木
14%
肥後高田
14%
海浦
14%
佐敷
14%
湯浦
14%
西出水
14%
高尾野
14%
野田郷
14%
牛ノ浜
14%
薩摩大川
14%
草道
14%
あいの風とやま鉄道 04 高岳やぶなみ
0%
井原鉄道 川辺宿
0%
松浦鉄道 いつのき
0%
肥後二見
0%
No matching quizzes found
Score Distribution
Percent of People with Each Score
Percentile by Number Answered
Your Score History
You have not taken this quiz